Bluegrass Instruments -- Sudden Death - Statistics

General Stats
  • This quiz has been taken 85 times
  • The average score is 4 of 7
Answers on the Grid
Answers color-coded by a green-red scale on the quiz's grid according to % correct below.
5-string banjo
Tenor banjo
Acoustic guitar
Electric guitar
Mandolin
Resonator guitar (dobro)
Drum kit
Upright bass
Alto saxophone
Close harmony vocals
Ukulele
Fiddle
Clarinet
Harmonica
 
Answer Stats
Answer % Correct
5-string banjo
65%
Acoustic guitar
61%
Fiddle
61%
Upright bass
61%
Mandolin
58%
Resonator guitar (dobro)
58%
Close harmony vocals
48%
No matching quizzes found
Score Distribution
Percent of People with Each Score
Percentile by Number Answered
Your Score History
You have not taken this quiz